000
00311nam a2200133Ia 4500
008
150201s2009 xx 000 0 und d
082
_a
610
_b
M09P
100
_a
PANDA,UN
245
_a
MANUAL OF MEDICINE
250
_a
2ND
260
_b
AITBS
_a
DELHI
_c
2009
650
_a
MEDICINE AND DIAGNOSIS
942
_2
ddc
_c
BK
_0
2
999
_c
673
_d
673